| 000 | 00961nam0a22002771 4500 | ||
|---|---|---|---|
| 001 | v19\rc\1290029 | ||
| 005 | 20260406140619.0 | ||
| 035 | _a(NLR Aleph) 005201009 | ||
| 090 |
_a5309873 _c5309873 |
||
| 100 | _a20060306d1855 |||y0rusy50 ca | ||
| 101 | 0 | _arus | |
| 102 | _aRU | ||
| 105 | _ay z |||a| | ||
| 200 | 1 | _aСтихотворения Я.П. Полонского | |
| 210 |
_aСанкт-Петербург _cтип. И. Фишона _d1855 |
||
| 215 |
_a[4], IV, 226, VIII с. _d23 |
||
| 532 | 1 | 0 | _aСтихотворения Якова Петровича Полонского |
| 700 | 1 |
_8rus _7ca _aПолонский _bЯ. П. _f1819-1898 _gЯков Петрович _3RU\NLR\AUTH\773096 _9113102 |
|
| 801 | 0 |
_aRU _bNLR _c20060306 _gpsbo |
|
| 801 | 0 |
_aRU _bRuMoRGB _c20060306 _2psbo |
|
| 801 | 1 |
_aRU _bProSoft-M _c20060306 _2rusmarc |
|
| 801 | 2 |
_aRU _bNLR _c20120406 _2rusmarc |
|
| 852 |
_aNLR _j18.149.3.60 |
||
| 852 |
_aNLR _j93/1876 |
||
| 942 | _cBOOK | ||
| 980 | _aNB | ||